States With The Highest Population - Statistics

General Stats
  • This quiz has been taken 15 times
  • The average score is 9 of 10
Answer Stats
Hint Answer % Correct
39.5M California
100%
21.4M Florida
100%
12.6M Illinois
100%
19.4M New York
100%
11.6M Ohio
100%
28.9M Texas
100%
9.9M Michigan
92%
12.8M Pennsylvania
92%
10.6M Georgia
83%
10.4M North Carolina
75%
No matching quizzes found
Score Distribution
Percent of People with Each Score
Percentile by Number Answered
Your Score History
You have not taken this quiz